[Event "Hessen-ch U16"]
[Site "Bad Homburg"]
[Date "2012.??.??"]
[Round "1"]
[White "Dittmar, Lars"]
[Black "Freuer, Philipp"]
[Result "1-0"]
[WhiteElo "1764"]
[BlackElo "975"]
[PlyCount "51"]
[EventDate "2012.04.??"]
[EventType "swiss"]
[EventRounds "9"]
[EventCountry "GER"]
[SourceTitle "EXT 2015"]
[Source "ChessBase"]
[SourceDate "2014.11.20"]
[SourceVersion "1"]
[SourceVersionDate "2014.11.20"]
[SourceQuality "1"]

1. e4 e5 2. Nf3 Nc6 3. Bb5 Bc5 4. 0-0 a6 5. Bxc6 dxc6 6. Nxe5 Qd4 7. Nf3 Qf6 8. d4 Ba7 9. Bg5 Qe6 10. d5 cxd5 11. exd5 Qd6 12. Re1+ Be6 13. dxe6 Qxd1 14. exf7+ Kxf7 15. Rxd1 Re8 16. Nc3 b5 17. Rd7+ Kg6 18. Rxc7 Bb8 19. Rc6+ Nf6 20. Bxf6 gxf6 21. Rxa6 b4 22. Nd5 Be5 23. Nxe5+ Rxe5 24. Nxf6 Re2 25. Nd5+ Kh5 26. Nf4+ 1-0

[Event "Hessen-ch U16"]
[Site "Bad Homburg"]
[Date "2012.??.??"]
[Round "6"]
[White "Freuer, Philipp"]
[Black "Woehl, Sebastian"]
[Result "0-1"]
[WhiteElo "975"]
[BlackElo "1520"]
[PlyCount "114"]
[EventDate "2012.04.??"]
[EventType "swiss"]
[EventRounds "9"]
[EventCountry "GER"]
[SourceTitle "EXT 2015"]
[Source "ChessBase"]
[SourceDate "2014.11.20"]
[SourceVersion "1"]
[SourceVersionDate "2014.11.20"]
[SourceQuality "1"]

1. e4 e5 2. Nf3 Nc6 3. Bc4 Bc5 4. d3 h6 5. Be3 Bd4 6. Bxd4 exd4 7. c3 dxc3 8. Nxc3 Nf6 9. 0-0 d6 10. h3 0-0 11. Re1 a6 12. d4 Re8 13. e5 dxe5 14. dxe5 Nh7 15. Qxd8 Nxd8 16. Nd5 Ne6 17. Rad1 c6 18. Nb6 Rb8 19. Nd4 c5 20. Nxe6 Bxe6 21. Bxe6 Rxe6 22. Rd6 Rbe8 23. Rxe6 Rxe6 24. Nd7 b6 25. Rd1 Nf8 26. Nxf8 Kxf8 27. Kf1 Rxe5 28. Rd6 Re6 29. Rxe6 fxe6 30. Ke2 Ke7 31. Ke3 Kd6 32. Ke4 g6 33. h4 e5 34. f3 b5 35. g3 a5 36. g4 Ke6 37. g5 hxg5 38. hxg5 Kd6 39. Kd3 Kd5 40. Kc3 Ke6 41. Kd3 Kf5 42. Ke3 c4 43. a3 b4 44. a4 b3 45. Kf2 Kxg5 46. Ke3 Kf5 47. Kd2 Kf4 48. Ke2 e4 49. fxe4 Kxe4 50. Kd2 g5 51. Ke2 g4 52. Kf2 c3 53. Ke2 cxb2 54. Kd2 b1Q 55. Ke2 Qc2+ 56. Ke1 Kf3 57. Kf1 Qf2# 0-1

[Event "Hessen-ch U16"]
[Site "Bad Homburg"]
[Date "2012.??.??"]
[Round "3"]
[White "Thomas, Tobias"]
[Black "Freuer, Philipp"]
[Result "1-0"]
[WhiteElo "1364"]
[BlackElo "975"]
[PlyCount "66"]
[EventDate "2012.04.??"]
[EventType "swiss"]
[EventRounds "9"]
[EventCountry "GER"]
[SourceTitle "EXT 2015"]
[Source "ChessBase"]
[SourceDate "2014.11.20"]
[SourceVersion "1"]
[SourceVersionDate "2014.11.20"]
[SourceQuality "1"]

1. e4 e5 2. Bc4 Nf6 3. f4 exf4 4. Nf3 d5 5. exd5 Nxd5 6. 0-0 Bg4 7. d4 Nc6 8. c3 h5 9. Qe1+ Be7 10. Qe4 Nf6 11. Qxf4 Bd6 12. Re1+ Ne7 13. Ne5 0-0 14. Qf2 Be6 15. Bd3 Bxe5 16. Rxe5 Ng4 17. Qg3 Nxe5 18. Qxe5 Qd6 19. Qxh5 f5 20. Bg5 Bf7 21. Qh3 Qe6 22. Nd2 Bg6 23. Nf3 Nd5 24. Ne5 Rae8 25. Rf1 c5 26. Bc4 cxd4 27. cxd4 Bf7 28. Qh4 Qb6 29. Nxf7 Rxf7 30. Bxd5 Re4 31. Bxf7+ Kf8 32. Qf2 a6 33. Bd5 Re8 1-0